Recent glass sculpture : (Record no. 26463)

000 -LEADER
fixed length control field 01151cam a2200289 a 4500
001 - CONTROL NUMBER
control field 2128409
005 - DATE AND TIME OF LATEST TRANSACTION
control field 20170204121855.0
008 - FIXED-LENGTH DATA ELEMENTS--GENERAL INFORMATION
fixed length control field 971003s1997 wiua bc 000 0 eng
010 ## - LIBRARY OF CONGRESS CONTROL NUMBER
LC control number 97073989
020 ## - INTERNATIONAL STANDARD BOOK NUMBER
International Standard Book Number 0944110576
050 00 - LIBRARY OF CONGRESS CALL NUMBER
Classification number NB1270 .G4R43 1997
245 00 - TITLE STATEMENT
Title Recent glass sculpture :
Remainder of title a union of ideas /
Statement of responsibility, etc. Audrey Mann, guest curator.
260 ## - PUBLICATION, DISTRIBUTION, ETC. (IMPRINT)
Place of publication, distribution, etc. Milwaukee, Wis. :
Name of publisher, distributor, etc. Milwaukee Art Museum,
Date of publication, distribution, etc. [1997?]
300 ## - PHYSICAL DESCRIPTION
Extent 39 p. :
Other physical details ill. (some col.) ;
Dimensions 26 cm.
500 ## - GENERAL NOTE
General note Catalog of an exhibition held at the Milwaukee Art Museum, Sept. 5-Nov. 2, 1997.
504 ## - BIBLIOGRAPHY, ETC. NOTE
Bibliography, etc Includes bibliographical references (p. 38-39).
650 #0 - SUBJECT ADDED ENTRY--TOPICAL TERM
Topical term or geographic name as entry element Glass sculpture
Chronological subdivision 20th century
General subdivision Exhibitions.
700 1# - ADDED ENTRY--PERSONAL NAME
Personal name Mann, Audrey.
710 2# - ADDED ENTRY--CORPORATE NAME
Corporate name or jurisdiction name as entry element Milwaukee Art Museum.
942 ## - ADDED ENTRY ELEMENTS (KOHA)
Source of classification or shelving scheme
Koha item type Hard Covered Materials
Holdings
Withdrawn status Lost status Source of classification or shelving scheme Damaged status Not for loan Home library Current library Shelving location Date acquired Source of acquisition Total Checkouts Full call number Barcode Date last seen Price effective from Koha item type
          MACHAKOS UNIVERSITY LIBRARY MACHAKOS UNIVERSITY LIBRARY Open shelf 04/02/2017 Donation(BFA)   NB1270 .G4R43 1997 34135 04/02/2017 04/02/2017 Hard Covered Materials
© Machakos University Library, Along The Highway, Machakos Wote Rd, Machakos, Kenya P.O. Box 136 - 90100 Machakos - Kenya

Tel: ( +254 ) 723 805829 OR Fax : 044-20353 OR Email: library@mksu.ac.ke